00450 2200181 4500245004500000020001800045250001100063100001800074700002000092700002100112650001700133005001900150260003100169041001400200084001300214300003200227336000900259 aNext To You Vol. 10cNamba, AtsukohText a9786022109785 aCet. 1 aNamba, Atsuko aIne Martiana K. aFrisian Yuniardi aKomik Jepang a20230609110611 aJakartabPT Gramediac2013 aIndonesia a741.5592 a... jil. :bilus. ;c17 cm. atext